Librería de escribanos, é instrucción jurídica theorico de practica de principiantes (Record no. 8358)

MARC details
000 -CABECERA
campo de control de longitud fija 01146nam a2200253 a 4500
001 - NÚMERO DE CONTROL
campo de control BRCA_8706
005 - FECHA Y HORA DE LA ÚLTIMA TRANSACCIÓN
campo de control 20190320210355.0
008 - DATOS DE LONGITUD FIJA--INFORMACIÓN GENERAL
campo de control de longitud fija 300117s1781----sp-#######---#000-0#spa-#
041 ## - CÓDIGO DE LENGUA
Código de lengua del texto/banda sonora o título independiente spa
044 ## - CÓDIGO DEL PAÍS DE LA ENTIDAD EDITORA/PRODUCTORA
Código MARC del país sp
084 ## - OTRO NÚMERO DE CLASIFICACIÓN
Número de clasificación BE46
Número de documento/Ítem .F43 1781
100 1# - ENTRADA PRINCIPAL--NOMBRE DE PERSONA
Nombre de persona Febrero, Josef
9 (RLIN) 21692
245 10 - MENCIÓN DE TÍTULO
Título Librería de escribanos, é instrucción jurídica theorico de practica de principiantes
Resto del título parte segunda dividida en tres tomos.
260 ## - PUBLICACIÓN, DISTRIBUCIÓN, ETC.
Lugar de publicación, distribución, etc. Madrid
Nombre del editor, distribuidor, etc. En la Imprenta de Don Pedro Marin
Fecha de publicación, distribución, etc. 1781
300 ## - DESCRIPCIÓN FÍSICA
Extensión 690 p. (t.2)
Dimensiones 20 x 15 cm.
500 ## - NOTA GENERAL
Nota general En portada: Trata de los cinco juicios de inventario, y participación de bienes de difunto, ordinario, executivo, y de concurso, y prelación de acreedores
500 ## - NOTA GENERAL
Nota general Obra utilísima para toda clase de personas
500 ## - NOTA GENERAL
Nota general Con marca de fuego no identificada y ubicada en el canto inferior
500 ## - NOTA GENERAL
Nota general Estado físico: se presenta sin lomo y cubierta superior, con cubierta inferior desprendida, cantos manchados y anotaciones en el interior del libro
650 14 - PUNTO DE ACCESO ADICIONAL DE MATERIA--TÉRMINO DE MATERIA
Término de materia o nombre geográfico como elemento de entrada Derecho procesal
Subdivisión cronológica Obras anteriores a 1800
9 (RLIN) 21693
650 14 - PUNTO DE ACCESO ADICIONAL DE MATERIA--TÉRMINO DE MATERIA
Término de materia o nombre geográfico como elemento de entrada Derecho y manuales
9 (RLIN) 21694
902 ## - CATALOGADOR
Iniciales CFM
942 ## - ELEMENTOS DE PUNTO DE ACCESO ADICIONAL (KOHA)
Fuente del sistema de clasificación o colocación Library of Congress Classification
Tipo de ítem Koha Libros
Holdings
Estado de retiro Estado de pérdida Fuente del sistema de clasificación o colocación Estado dañado No para préstamo Código de colección Localización permanente Ubicación/localización actual Fecha de adquisición Fuente de adquisición Total de préstamos Signatura topográfica completa Código de barras Fecha visto por última vez Precio válido a partir de Tipo de ítem Koha
El ejemplar forma parte de la colección y puede ser consultado según las políticas vigentes.   Library of Congress Classification     Conventual Franz Mayer Biblioteca del Museo Franz Mayer (Rogerio Casas-Alatriste) Biblioteca del Museo Franz Mayer (Rogerio Casas-Alatriste) 30/01/2017 Donación   BE46 .F43 1781 CFM00043 22/03/2019 22/03/2019 Libros